000
00462nam a22001337a 4500
003
SGT
020
_a
9789352294596
082
_a
891.4309
_b
A16M
100
_a
मंगलम, विनोद कुमार
245
_a
अज्ञेय और पाश्चात्य साहित्यकारों का तुलनात्मक अध्ययन
260
_b
वाणी प्रकाशन
_c
2016
300
_a
224
942
_2
ddc
_c
BK
999
_c
30742
_d
30742